000 00849nam a2200265Ia 4500
003 OSt
005 20220918172019.0
006 a|||||r|||| 00| 0
007 ta
008 220917b |||||||| |||| 00| 0 eng d
020 _a9789004255395 (hbk)
_c11258.13
024 _a280,869
037 _b40105, 11/02/2014, Segment Book Distributors
_cTextual
040 _aARTS
_cARTS
_beng
041 _2eng
_aeng
082 _aV45.J, Q4
100 _aPfeiffer Judith Ed.
_939779
245 0 _aPolitics, patronage and the transmission of knowledge in 13th-15th century tabriz
260 _aLeiden
_bBrill UK
_c2014
300 _axiv, 397p.
_ccm.
490 _aIran studies; Vol. 8
650 _aHISTORY
942 _hV45.J, Q4
_cTEXL
_2CC
999 _c142227
_d142227